Oscar Winners for Best Original Song - Statistics

General Stats
  • This quiz has been taken 174 times
    6 since last reset
  • The average score is 46 of 92
Answer Stats
Year Song Movie % Correct
2003 "Lose Yourself" 8 Mile
100%
1993 "A Whole New World" Aladdin
100%
2019 "Shallow" A Star is Born
100%
1977 "Evergreen" A Star is Born
100%
1992 "Beauty and the Beast" Beauty and the Beast
100%
1988 "(I've had) the time of my Life" Dirty Dancing
100%
1984 "Flashdance....What a Feeling" Flashdance
100%
2014 "Let it go" Frozen
100%
1965 "Chim Chim Cher-ee" Mary Poppins
100%
2022 "No Time to Die" No Time to Die
100%
1941 "When you Wish upon a Star" Pinocchio
100%
1972 "Theme from Shaft" Shaft
100%
2013 "Skyfall" Skyfall
100%
1995 "Can you Feel the Love Tonight" The Lion King
100%
1940 "Over the Rainbow" The Wizard of Oz
100%
1998 "My Heart will go on" Titanic
100%
2024 "What was I made for?" Barbie
83%
1981 "Fame" Fame
83%
1959 "Gigi" Gigi
83%
2026 "Golden" Kpop Demon Hunters
83%
2017 "City of Stars" La La Land
83%
1994 "Streets of Philadelphia" Philadelphia
83%
1996 "Color's of the Wind" Pocahontas
83%
1948 "Zip-a-Dee-Doo-Dah" Song of the South
83%
1990 "Under the Sea" The Little Mermaid
83%
2012 "Man or Muppet" The Muppet's
83%
1962 "Moon River" Breakfast at Tiffany's
67%
1970 "Raindrops keep Falling on my Head" Butch Cassidy and the Sundance Kid
67%
2018 "Remember Me" Coco
67%
2025 "El Mal" Emilia Perez
67%
2009 "Jai Ho" Slumdog Millionaire
67%
2000 "You'll be in my Heart" Tarzan
67%
1974 "The Way we Were" The Way we were
67%
1987 "Take my Breath Away" Top Gun
67%
1983 "Up Where we Belong" An Officer and a Gentlemen
50%
1967 "Born Free" Born Free
50%
1945 "Swinging on a Star" Going my way
50%
1943 "White Christmas" Holiday Inn
50%
2023 “Naatu Naatu” RRR
50%
2015 "Glory" Selma
50%
2016 "Writings on the Wall" Spectre
50%
1973 "The Morning After" The Poseidon Adventure
50%
2011 "We Belong Together" Toy Story 3
50%
1986 "Say you, Say me" White Nights
50%
1982 "Best that you can do" Arthur
33%
1954 "Secret Love" Calamity Jane
33%
1963 "Days of Wine and Roses" Days of Wine and Roses
33%
1968 "Talk to the Animals" Doctor Dolittle
33%
1997 "You must Love me" Evita
33%
1953 "The Ballad of High Noon" High Noon
33%
2021 "Fight for you" Judas and the Black Messiah
33%
1956 "Love is a many-Splendored Thing" Love is a many-Splendored Thing
33%
2002 "If I Didn't Have You" Monsters Inc
33%
2020 "I'm Gonna Love me again" Rocketman
33%
1979 "Last Dance" Thank God its Friday
33%
1947 "On the Atchison, Topeka and the Santa Fe" The Harvey Girls
33%
2004 "Into the West" The Lord of the Rings, Return of the King
33%
1957 "Que Sera, Sera" The Man who Knew too much
33%
1999 "When you Believe" The Prince of Egypt
33%
1969 "The Windmills on your Mind" The Thomas Crown Affair
33%
1985 "I Just Called to Say I Love you" The Woman in Red
33%
1989 "Let the River Run" The Working Girl
33%
1955 "Three Coins in the Fountain" Three Coins in the Fountain
33%
1978 "You Light up my Life" You Light up my Life
33%
1960 "High Hopes" A Hole in the Head
17%
2007 "I Need to Wake up" An Inconvenient Truth
17%
1951 "Mona Lisa" Captain Carey, U.S.A.
17%
2010 "The Weary Kind" Crazy Heart
17%
1991 "Sooner or Later" Dick Tracy
17%
1936 "Lullaby of Broadway" Gold Diggers of 1935
17%
1944 "You'll Never Know" Hello, Frisco, Hello
17%
1952 "In the Cool, Cool, Cool of the Evening" Here Comes the Groom
17%
2006 "Its Hard out here for a Pimp" Hustle and Flow
17%
1942 "The Last Time I saw Paris" Lady be good
17%
1971 "For all we know" Lovers and Other Strangers
17%
1976 "I'm easy" Nashville
17%
1950 "Baby, it's Cold Outside" Neptune's Daughter
17%
1961 "Never on Sunday" Never on Sunday
17%
1980 "It Goes like it Goes" Norma Rae
17%
2008 "Falling Slowly' Once
17%
1964 "Call me Irresponsible" Papa's Delicate Condition
17%
1946 "It Might as well be Spring" State Fair
17%
1937 "The way you look Tonight" Swing Time
17%
1939 "Thanks for the Memory" The Big Broadcast of 1938
17%
1935 "The Continental" The Gay Divorcee
17%
1958 "All the way" The Joker is Wild
17%
2005 "Al otro lado del río" The Motorcycle Diaries
17%
1949 "Buttons and Bows" The Paleface
17%
1966 "The Shadow of Your Smile" The Sandpiper
17%
1975 "We may never Love like this Again" The Towering Inferno
17%
1938 "Sweet Leilani Waikiki Wedding
17%
2001 "Things have Changed" Wonder Boys
17%
No matching quizzes found
Score Distribution
Percent of People with Each Score
Percentile by Number Answered
Your Score History
You have not taken this quiz since the last reset